[Event "Junior Online 4NCL Division 3"]
[Site "online"]
[Date "2022.01.20"]
[EventDate "2022.01.20"]
[Round "1.73"]
[White "Sethi, Siddharth"]
[WhiteElo "1296"]
[WhiteTeam "Chess Challengers B"]
[Black "Tewari, Vivaan"]
[BlackElo "1080"]
[BlackTeam "Chess Challengers E"]
[Result "1-0"]
[PlyCount "89"]

1. e4 c5 2. Nf3 Nc6 3. d4 b6 4. Nc3 Nf6 5. d5 Nd4 6. Nxd4 cxd4 7. Qxd4 Qc7 8. Nb5 Qxc2 9. Bd3 Qc5 10. Qxc5 bxc5 11. Nc7+ Kd8 12. Nxa8 Bb7 13. Be3 Bxa8 14. Bxc5 d6 15. Bxa7 e5 16. dxe6 fxe6 17. O-O-O Be7 18. e5 dxe5 19. Be4+ Kc8 20. Bxa8 Rd8 21. Rxd8+ Bxd8 22. Rd1 Nd5 23. Bxd5 exd5 24. Rxd5 Bc7 25. Rc5 Kb7 26. a4 Bd6 27. Rd5 Bf8 28. Be3 Kc6 29. Rb5 e4 30. Rb6+ Kc7 31. a5 Bd6 32. a6 Kc8 33. Rxd6 Kc7 34. a7 Kxd6 35. a8=Q Ke5 36. Qe8+ Kd5 37. Qf7+ Ke5 38. Qxg7+ Kf5 39. Qxh7+ Ke5 40. f4+ Kd5 41. Qf5+ Kc4 42. Qxe4+ Kb3 43. Qd4 Ka2 44. Kc2 Ka1 45. Qa4# 1-0

[Event "Junior Online 4NCL Division 3"]
[Site "online"]
[Date "2022.01.20"]
[EventDate "2022.01.20"]
[Round "1.74"]
[White "Chavan, Aarav"]
[WhiteElo "978"]
[WhiteTeam "Chess Challengers E"]
[Black "Rajaram, Dilip"]
[BlackElo "1306"]
[BlackTeam "Chess Challengers B"]
[Result "0-1"]
[PlyCount "24"]

1. e4 e5 2. Nf3 Nc6 3. Bc4 Nd4 4. Nxd4 exd4 5. c3 Nf6 6. e5 d5 7. Bb3 Qe7 8. cxd4 c5 9. Qe2 Ne4 10. Bxd5 Ng5 11. d3 cxd4 12. Qg4 Bxg4 0-1

[Event "Junior Online 4NCL Division 3"]
[Site "online"]
[Date "2022.01.20"]
[EventDate "2022.01.20"]
[Round "1.75"]
[White "Rapally, Meenakshi"]
[WhiteElo "1080"]
[WhiteTeam "Chess Challengers E"]
[Black "Karadkar, Aryan"]
[BlackElo "1380"]
[BlackTeam "Chess Challengers B"]
[Result "0-1"]
[PlyCount "148"]

1. e3 e5 2. Nc3 d5 3. d4 e4 4. f3 Nf6 5. Bb5+ c6 6. Be2 Nbd7 7. b3 Bb4 8. Bd2 Qe7 9. a3 exf3 10. Nxf3 Bxa3 11. O-O Bb2 12. Rb1 Bxc3 13. Bxc3 Qxe3+ 14. Rf2 Qxc3 15. Qd2 Qxd2 16. Nxd2 c5 17. dxc5 Nxc5 18. Rff1 O-O 19. b4 Nce4 20. Rbd1 Nc3 21. Rde1 Nxe2+ 22. Rxe2 Bg4 23. Ree1 Bf5 24. c4 Bd3 25. Rf2 dxc4 26. h3 Nd5 27. b5 Rfe8 28. Rxe8+ Rxe8 29. Kh2 c3 30. Nb3 Bxb5 31. g4 Re2 32. Rxe2 Bxe2 33. Kg3 b5 34. Kf2 Bc4 35. Nc1 Nb4 36. Ke1 Nd3+ 37. Kd1 Nxc1 38. Kxc1 Bf1 39. Kc2 b4 40. Kc1 Bxh3 41. g5 Bg4 42. Kc2 f6 43. gxf6 gxf6 44. Kc1 f5 45. Kc2 f4 46. Kc1 f3 47. Kd1 b3 48. Ke1 c2 49. Kf2 c1=Q 50. Kg3 Qg1+ 51. Kf4 Qd4+ 52. Kg3 Qf4+ 53. Kxf4 b2 54. Kxg4 f2 55. Kg5 h6+ 56. Kxh6 a5 57. Kg5 a4 58. Kf4 a3 59. Ke3 f1=Q 60. Kd4 a2 61. Kc3 b1=Q 62. Kd4 a1=Q+ 63. Kd5 Qa5+ 64. Ke6 Qe2+ 65. Kd6 Qbf1 66. Kc6 Qc3+ 67. Kd6 Qe6+ 68. Kxe6 Qe2+ 69. Kd6 Qcd3+ 70. Kc5 Qb3 71. Kd4 Qbd3+ 72. Kc5 Qec2+ 73. Kb6 Qdb3+ 74. Ka5 Qca2# 0-1

[Event "Junior Online 4NCL Division 3"]
[Site "online"]
[Date "2022.01.20"]
[EventDate "2022.01.20"]
[Round "1.76"]
[White "Pyla, Akhil"]
[WhiteElo "1336"]
[WhiteTeam "Chess Challengers B"]
[Black "Kulkarni, Esha"]
[BlackElo "1070"]
[BlackTeam "Chess Challengers E"]
[Result "1-0"]
[PlyCount "69"]

1. e4 e5 2. Nf3 Nc6 3. Nc3 Bc5 4. Bc4 Nf6 5. d3 h6 6. O-O O-O 7. a3 d6 8. b4 Bb6 9. Be3 Bxe3 10. fxe3 a5 11. b5 Ne7 12. a4 c6 13. bxc6 bxc6 14. Rb1 Ba6 15. Bxa6 Rxa6 16. d4 exd4 17. exd4 d5 18. e5 Ne4 19. Nxe4 dxe4 20. Nd2 Qxd4+ 21. Rf2 e3 22. Re2 exd2+ 23. Kf1 Ng6 24. Rxd2 Qxa4 25. Re2 Qf4+ 26. Kg1 Nxe5 27. h3 Qf5 28. Rb3 a4 29. Rbe3 Nc4 30. Re4 Nb2 31. Qa1 a3 32. R4e3 Nc4 33. Re4 Nd6 34. Rg4 a2 35. Qxg7# 1-0

[Event "Junior Online 4NCL Division 3"]
[Site "online"]
[Date "2022.01.20"]
[EventDate "2022.01.20"]
[Round "1.77"]
[White "Tewari, Vivaan"]
[WhiteElo "1080"]
[WhiteTeam "Chess Challengers E"]
[Black "Sethi, Siddharth"]
[BlackElo "1296"]
[BlackTeam "Chess Challengers B"]
[Result "0-1"]
[PlyCount "134"]

1. Nf3 Nc6 2. d4 d5 3. Nc3 Bf5 4. Bf4 Nb4 5. e4 dxe4 6. Ng5 e3 7. Bd3 exf2+ 8. Kxf2 Qxd4+ 9. Be3 Qf6 10. Bxf5 Qxf5+ 11. Ke2 Nxc2 12. Rc1 Nxe3 13. Kxe3 Qxg5+ 14. Ke2 Qxg2+ 15. Kd3 Rd8+ 16. Ke3 Rxd1 17. Rhxd1 Qxh2 18. Nd5 Qe5+ 19. Kf2 f6 20. Nxc7+ Kf7 21. Nd5 e6 22. Rc7+ Qxc7 23. Nxc7 Bc5+ 24. Ke2 Ne7 25. Nb5 Rc8 26. Nd6+ Bxd6 27. Rxd6 Rc2+ 28. Kd3 Rxb2 29. a4 Rb3+ 30. Kc4 Rb6 31. Rxb6 axb6 32. Kb5 Nd5 33. Kc4 h5 34. Kd4 h4 35. Ke4 h3 36. Kf3 g5 37. Kg3 g4 38. Kh2 f5 39. Kg3 f4+ 40. Kh2 f3 41. Kg3 f2 42. Kxf2 e5 43. Kg3 e4 44. Kf2 e3+ 45. Kg3 e2 46. Kf2 h2 47. Kg2 e1=Q 48. Kxh2 g3+ 49. Kh3 g2 50. Kxg2 Nf4+ 51. Kf3 Qf1+ 52. Ke4 Ne6 53. Kd5 Qd3+ 54. Ke5 Qc3+ 55. Ke4 Nc5+ 56. Kf4 Kf6 57. Kg4 Qd4+ 58. Kg3 Qg1+ 59. Kf3 Ke5 60. Ke2 Kd4 61. Kf3 Ne6 62. Ke2 Ke4 63. Kd2 Qg3 64. Kc2 Kd4 65. Kd2 Qf2+ 66. Kd1 Kc3 67. Kc1 Qe1# 0-1

[Event "Junior Online 4NCL Division 3"]
[Site "online"]
[Date "2022.01.20"]
[EventDate "2022.01.20"]
[Round "1.81"]
[White "Agarwal, Mihir"]
[WhiteElo "1301"]
[WhiteTeam "The Hall 2"]
[Black "Munshi, Rayyan"]
[BlackElo "723"]
[BlackTeam "Manchester Junior D"]
[Result "1-0"]
[PlyCount "87"]

1. e4 e5 2. Nf3 Nc6 3. Bc4 Bb4 4. c3 Bc5 5. d4 exd4 6. cxd4 Bb4+ 7. Nc3 Nf6 8. e5 Ng4 9. h3 Nxf2 10. Kxf2 O-O 11. Be3 d6 12. Rf1 Bf5 13. Kg1 a5 14. a3 Bxc3 15. bxc3 Rb8 16. d5 Nxe5 17. Nxe5 dxe5 18. Qh5 b5 19. Qxf5 bxc4 20. Qxe5 f6 21. Qe6+ Rf7 22. Rf2 Qe8 23. Bc5 Qxe6 24. dxe6 Rff8 25. Bxf8 Kxf8 26. Re2 Re8 27. Rd1 g5 28. Rd7 Re7 29. Rd8+ Re8 30. Rxe8+ Kxe8 31. e7 f5 32. Kf2 f4 33. Kf3 h6 34. g4 c6 35. h4 gxh4 36. Kxf4 h3 37. Kg3 h5 38. g5 h4+ 39. Kxh3 c5 40. Kxh4 a4 41. g6 Kd7 42. e8=Q+ Kd6 43. Qe7+ Kd5 44. Qe6# 1-0

[Event "Junior Online 4NCL Division 3"]
[Site "online"]
[Date "2022.01.20"]
[EventDate "2022.01.20"]
[Round "1.82"]
[White "Turner, Rufus"]
[WhiteElo "687"]
[WhiteTeam "Manchester Junior D"]
[Black "Jhamna, Florian"]
[BlackElo "1260"]
[BlackTeam "The Hall 2"]
[Result "0-1"]
[PlyCount "54"]

1. e4 e6 2. a3 d5 3. d4 c5 4. Bb5+ Nc6 5. f3 Bd7 6. g3 Nf6 7. dxc5 Bxc5 8. exd5 exd5 9. Qe2+ Be7 10. a4 O-O 11. b3 Re8 12. f4 Bb4+ 13. Bd2 Rxe2+ 14. Nxe2 Bxd2+ 15. Nxd2 Qa5 16. b4 Qb6 17. a5 Qxb5 18. c4 dxc4 19. Nb1 Re8 20. Na3 Qh5 21. Ra2 Bg4 22. h3 Rxe2+ 23. Rxe2 Bxe2 24. Rh2 Bd3 25. Rd2 Qxh3 26. Kf2 h6 27. Ke3 Qxg3# 0-1

[Event "Junior Online 4NCL Division 3"]
[Site "online"]
[Date "2022.01.20"]
[EventDate "2022.01.20"]
[Round "1.83"]
[White "Hansjee, Sebastian"]
[WhiteElo "802"]
[WhiteTeam "The Hall 2"]
[Black "Pilditch, Erika"]
[BlackElo "355"]
[BlackTeam "Manchester Junior D"]
[Result "1-0"]
[PlyCount "67"]

1. e4 e5 2. Nf3 Nc6 3. Bc4 Nf6 4. Nc3 a6 5. O-O b5 6. Bb3 Nd4 7. Nxe5 Nxb3 8. cxb3 d6 9. Nc6 Qd7 10. Nd4 c5 11. Nf3 g6 12. d4 b4 13. Nd5 Nxe4 14. dxc5 dxc5 15. Nf6+ Ke7 16. Nxd7 Bxd7 17. Ne5 Be6 18. Nc6+ Kf6 19. Qf3+ Bf5 20. Qf4 Bd6 21. Qh4+ g5 22. Qh6+ Bg6 23. f3 Ng3 24. hxg3 Bxg3 25. Qxg5+ Ke6 26. Qxg3 Bd3 27. Qe5+ Kd7 28. Rd1 Rhe8 29. Qf5+ Kxc6 30. Rxd3 Re1+ 31. Kf2 Rae8 32. Qd7+ Kb6 33. Rd6+ Ka5 34. Qa4# 1-0

[Event "Junior Online 4NCL Division 3"]
[Site "online"]
[Date "2022.01.20"]
[EventDate "2022.01.20"]
[Round "1.85"]
[White "Munshi, Rayyan"]
[WhiteElo "723"]
[WhiteTeam "Manchester Junior D"]
[Black "Agarwal, Mihir"]
[BlackElo "1301"]
[BlackTeam "The Hall 2"]
[Result "0-1"]
[PlyCount "34"]

1. g3 d5 2. Nf3 e5 3. Nxe5 Nc6 4. Nxc6 bxc6 5. Nc3 Nf6 6. e3 Bd6 7. Bd3 Be6 8. O-O O-O 9. e4 d4 10. Na4 Re8 11. Re1 Bh3 12. c3 Qd7 13. Bf1 Bxf1 14. Kxf1 Qh3+ 15. Kg1 Ng4 16. cxd4 Qxh2+ 17. Kf1 Qxf2# 0-1

[Event "Junior Online 4NCL Division 3"]
[Site "online"]
[Date "2022.01.20"]
[EventDate "2022.01.20"]
[Round "1.86"]
[White "Jhamna, Florian"]
[WhiteElo "1260"]
[WhiteTeam "The Hall 2"]
[Black "Turner, Rufus"]
[BlackElo "687"]
[BlackTeam "Manchester Junior D"]
[Result "1-0"]
[PlyCount "63"]

1. e4 e5 2. Nf3 Nf6 3. Nc3 Nc6 4. Bc4 Bc5 5. d3 d6 6. Bg5 Bg4 7. Nd5 b5 8. Bxb5 a6 9. Bxc6+ Nd7 10. Bxd8 Rxd8 11. Nxc7+ Kf8 12. Bxd7 Rxd7 13. Nxa6 Rb7 14. Nxc5 Rxb2 15. Nb3 Ke8 16. Qc1 Ke7 17. Qxb2 Rb8 18. Qc3 Rd8 19. Qc7+ Rd7 20. Qc4 Be6 21. Qc3 Rb7 22. Rb1 h5 23. O-O h4 24. Nxh4 g5 25. Na5 Rd7 26. Nf5+ Kf6 27. f4 gxf4 28. Rxf4 d5 29. Ne3+ Bf5 30. Rxf5+ Ke6 31. Qc6+ Rd6 32. Qe8# 1-0

[Event "Junior Online 4NCL Division 3"]
[Site "online"]
[Date "2022.01.20"]
[EventDate "2022.01.20"]
[Round "1.87"]
[White "Pilditch, Erika"]
[WhiteElo "355"]
[WhiteTeam "Manchester Junior D"]
[Black "Hansjee, Sebastian"]
[BlackElo "802"]
[BlackTeam "The Hall 2"]
[Result "1-0"]
[PlyCount "47"]

1. e4 e5 2. Nc3 Nf6 3. Nf3 Nc6 4. g3 Bc5 5. Bg2 d6 6. O-O O-O 7. a3 Bg4 8. b4 Bb6 9. Re1 Bxf3 10. Bxf3 Qc8 11. Nd5 Nxd5 12. exd5 Nd4 13. Be4 Qh3 14. Bg2 Qd7 15. c3 Nf5 16. Bh3 Qb5 17. Bxf5 g6 18. Qg4 a5 19. d3 Qa6 20. Bh6 Rfe8 21. Qg5 Qa7 22. Qf6 Bxf2+ 23. Kg2 Bxe1 24. Qg7# 1-0

[Event "Junior Online 4NCL Division 3"]
[Site "online"]
[Date "2022.01.20"]
[EventDate "2022.01.20"]
[Round "1.91"]
[White "Spitz, Danny"]
[WhiteElo "1364"]
[WhiteTeam "Coldfall Bishops"]
[Black "Iyer, Shrinivas"]
[BlackElo "1000"]
[BlackTeam "Edgware Gambits F"]
[Result "1-0"]
[PlyCount "103"]

1. e4 e5 2. Nf3 Nc6 3. Bc4 Bc5 4. c3 Nf6 5. d4 exd4 6. cxd4 Bb4+ 7. Bd2 Nxe4 8. Bxb4 Nxb4 9. O-O O-O 10. Re1 d5 11. Bb3 Nc6 12. Nc3 Nxc3 13. bxc3 Re8 14. Ne5 Nxe5 15. Rxe5 Be6 16. Rb1 c5 17. dxc5 Rc8 18. Bxd5 Bxd5 19. Rxe8+ Qxe8 20. Qxd5 Qe7 21. h3 h6 22. Rxb7 Rxc5 23. Rxe7 Rxd5 24. Rxa7 Rc5 25. Ra3 Kh7 26. Kf1 Kg6 27. Ke2 Kf5 28. Kd3 Ke5 29. Rb3 Kd5 30. a4 g5 31. Rb5 f5 32. Rxc5+ Kxc5 33. g4 fxg4 34. hxg4 Kb6 35. Kc4 Ka5 36. Kd4 Kxa4 37. Kd5 Kb3 38. c4 Kb4 39. c5 Kb5 40. Kd6 Kc4 41. c6 Kd3 42. c7 Ke2 43. c8=Q Kxf2 44. Qf5+ Ke3 45. Kd5 Kd2 46. Qf3 Kc2 47. Kc4 Kd2 48. Qd3+ Ke1 49. Qc2 Kf1 50. Kd3 Ke1 51. Ke3 Kf1 52. Qf2# 1-0

[Event "Junior Online 4NCL Division 3"]
[Site "online"]
[Date "2022.01.20"]
[EventDate "2022.01.20"]
[Round "1.92"]
[White "Patel, Kamran"]
[WhiteElo "957"]
[WhiteTeam "Edgware Gambits F"]
[Black "Haga, Xander"]
[BlackElo "1276"]
[BlackTeam "Coldfall Bishops"]
[Result "0-1"]
[PlyCount "56"]

1. d4 d5 2. Nf3 Nf6 3. Bf4 c5 4. c3 e6 5. e3 Nc6 6. Bd3 Bd7 7. Nbd2 c4 8. Bc2 Be7 9. O-O O-O 10. h3 Be8 11. Bb1 Bd6 12. Bxd6 Qxd6 13. Qc2 Bd7 14. Ng5 g6 15. f4 Qe7 16. Ngf3 Nh5 17. Ne5 Nxe5 18. fxe5 Qg5 19. Nf3 Qxe3+ 20. Rf2 f6 21. exf6 Rxf6 22. Ne5 Qe1+ 23. Kh2 Rxf2 24. Qxf2 Qxf2 25. Ng4 Qg3+ 26. Kg1 Nf4 27. Kf1 Qxg2+ 28. Ke1 Qe2# 0-1

[Event "Junior Online 4NCL Division 3"]
[Site "online"]
[Date "2022.01.20"]
[EventDate "2022.01.20"]
[Round "1.93"]
[White "Agasee, Emilio"]
[WhiteElo "1238"]
[WhiteTeam "Coldfall Bishops"]
[Black "Illingworth-Law, Oscar"]
[BlackElo "961"]
[BlackTeam "Edgware Gambits F"]
[Result "1-0"]
[PlyCount "55"]

1. e4 e5 2. Nf3 Nc6 3. Nc3 Nf6 4. d4 exd4 5. Nxd4 Bc5 6. Be3 Nxd4 7. Bxd4 Bxd4 8. Qxd4 O-O 9. O-O-O Re8 10. Bd3 Ng4 11. f3 Nf6 12. g4 d6 13. Rhe1 c5 14. Qe3 Be6 15. e5 dxe5 16. Bxh7+ Nxh7 17. Rxd8 Rexd8 18. Qxc5 Rdc8 19. Qxe5 Re8 20. Nb5 Rac8 21. Nc7 Red8 22. Nxe6 fxe6 23. Qxe6+ Kf8 24. Qe7+ Kg8 25. Qxb7 Rc4 26. Qb3 Rc8 27. Re4 Rc5 28. Rxc4 1-0

[Event "Junior Online 4NCL Division 3"]
[Site "online"]
[Date "2022.01.20"]
[EventDate "2022.01.20"]
[Round "1.94"]
[White "Subramonian, Ananya"]
[WhiteElo "974"]
[WhiteTeam "Edgware Gambits F"]
[Black "Haga, Viktor"]
[BlackElo "1156"]
[BlackTeam "Coldfall Bishops"]
[Result "1/2-1/2"]
[PlyCount "50"]

1. e4 e5 2. Nf3 Nc6 3. Bc4 Bc5 4. O-O Nf6 5. Nc3 O-O 6. d3 d6 7. h3 h6 8. Nh4 a6 9. Qf3 Nd4 10. Qg3 Nh5 11. Qg6 Nf6 12. Bxh6 Ne8 13. Nf5 Ne6 14. Bxe6 Bxe6 15. Qg3 Bxf5 16. exf5 Qf6 17. Bg5 Qxf5 18. Nd5 Qe6 19. Ne7+ Kh7 20. Qh4+ Qh6 21. Bxh6 gxh6 22. Nf5 Kg6 23. Ne7+ Kh7 24. Qe4+ Kh8 25. Qh4 Kh7 1/2-1/2

[Event "Junior Online 4NCL Division 3"]
[Site "online"]
[Date "2022.01.20"]
[EventDate "2022.01.20"]
[Round "1.95"]
[White "Iyer, Shrinivas"]
[WhiteElo "1000"]
[WhiteTeam "Edgware Gambits F"]
[Black "Spitz, Danny"]
[BlackElo "1364"]
[BlackTeam "Coldfall Bishops"]
[Result "0-1"]
[PlyCount "104"]

1. d4 b6 2. e3 Bb7 3. Nf3 d5 4. Be2 Nf6 5. O-O g6 6. b3 Bg7 7. Bb2 O-O 8. Nbd2 Nbd7 9. c4 e6 10. Rc1 Rc8 11. Qc2 c5 12. Rfd1 Rc6 13. Ne5 Nxe5 14. dxe5 Nd7 15. f4 dxc4 16. Nxc4 Qe7 17. Nd6 Ba8 18. Bb5 Rc7 19. Qd3 Rd8 20. e4 f6 21. exf6 Nxf6 22. e5 Nh5 23. Rc4 Bd5 24. Ra4 Bh6 25. g3 g5 26. fxg5 Qxg5 27. Rf1 Qe3+ 28. Qxe3 Bxe3+ 29. Rf2 Rf8 30. Rf4 Nxf4 31. gxf4 Rxf4 32. Kf1 Rxf2+ 33. Ke1 Rxb2 34. Nc4 Bxc4 35. Bxc4 Rg7 36. Bxe6+ Kf8 37. Bh3 Rg1+ 38. Bf1 Rb1+ 39. Ke2 Rgxf1 40. Kxe3 Rbe1+ 41. Kd3 Ke7 42. Kd2 Ke6 43. Kc3 Kxe5 44. Kc4 a6 45. a4 Rf4+ 46. Kc3 Re3+ 47. Kd2 Ke4 48. Kc2 Rf2+ 49. Kd1 Kf3 50. b4 Rd3+ 51. Ke1 Ra3 52. bxc5 Ra1# 0-1

[Event "Junior Online 4NCL Division 3"]
[Site "online"]
[Date "2022.01.20"]
[EventDate "2022.01.20"]
[Round "1.96"]
[White "Haga, Xander"]
[WhiteElo "1276"]
[WhiteTeam "Coldfall Bishops"]
[Black "Patel, Kamran"]
[BlackElo "957"]
[BlackTeam "Edgware Gambits F"]
[Result "1-0"]
[PlyCount "135"]

1. e4 e5 2. Nf3 Nc6 3. d4 f6 4. Nc3 Bb4 5. dxe5 fxe5 6. Bd2 d6 7. a3 Bxc3 8. Bxc3 Nf6 9. Bd3 Bg4 10. h3 Bh5 11. O-O Qd7 12. Qe2 a6 13. Qe3 O-O-O 14. Nd2 Ne8 15. Nc4 Qf7 16. Be2 Nf6 17. Bxh5 Nxh5 18. Qg5 Qg6 19. Qg4+ Kb8 20. Ne3 Qxg4 21. Nxg4 Nf4 22. Bd2 Ne2+ 23. Kh2 Ncd4 24. c3 Nc2 25. Rad1 Nf4 26. Bxf4 exf4 27. Rd2 Nxa3 28. bxa3 Rhf8 29. Rb1 f3 30. gxf3 Rxf3 31. e5 Rxc3 32. exd6 cxd6 33. Ra1 h5 34. Ne5 Rcc8 35. Nf7 Rd7 36. Ne5 Re7 37. Ng6 Re6 38. Nf4 Rf6 39. Nxh5 Rh6 40. Nxg7 Rg8 41. Nf5 Rf6 42. Ne7 Rg7 43. Nd5 Rf5 44. Ne3 Rf6 45. Rg1 Rd7 46. Ng4 Rh6 47. Nxh6 Rh7 48. Nf5 Rf7 49. Nxd6 Rd7 50. Rb1 Kc7 51. Rxb7+ Kc6 52. Rxd7 Kxd7 53. Nf5+ Ke6 54. Rd1 Kxf5 55. Rg1 Ke5 56. h4 Kf6 57. h5 Kf7 58. h6 Ke6 59. h7 Ke5 60. h8=Q+ Ke4 61. Qa8+ Kd4 62. Qxa6 Ke5 63. Rg4 Kd5 64. Qa5+ Kc6 65. Rg6+ Kb7 66. Qh5 Kc7 67. Qh7+ Kd8 68. Rg8# 1-0

[Event "Junior Online 4NCL Division 3"]
[Site "online"]
[Date "2022.01.20"]
[EventDate "2022.01.20"]
[Round "1.97"]
[White "Illingworth-Law, Oscar"]
[WhiteElo "961"]
[WhiteTeam "Edgware Gambits F"]
[Black "Agasee, Emilio"]
[BlackElo "1238"]
[BlackTeam "Coldfall Bishops"]
[Result "0-1"]
[PlyCount "30"]

1. e4 e5 2. Nf3 Nc6 3. d4 exd4 4. Nxd4 Nxd4 5. Qxd4 c5 6. Qd1 d6 7. Nc3 Nf6 8. Bc4 Be7 9. O-O O-O 10. Qe1 Qc7 11. Nd5 Nxd5 12. exd5 Re8 13. Qe2 Bf5 14. Qh5 Bg6 15. Qg5 Bxg5 0-1

[Event "Junior Online 4NCL Division 3"]
[Site "online"]
[Date "2022.01.20"]
[EventDate "2022.01.20"]
[Round "1.98"]
[White "Haga, Viktor"]
[WhiteElo "1156"]
[WhiteTeam "Coldfall Bishops"]
[Black "Subramonian, Ananya"]
[BlackElo "974"]
[BlackTeam "Edgware Gambits F"]
[Result "1-0"]
[PlyCount "65"]

1. e4 e5 2. Nf3 Nc6 3. Bc4 Bc5 4. O-O Nf6 5. Nc3 O-O 6. d3 h6 7. Nh4 d6 8. h3 Nh5 9. Qxh5 Qf6 10. Be3 Bxe3 11. fxe3 Qe7 12. Ng6 Qd7 13. Nxf8 Kxf8 14. Rxf7+ Ke8 15. Rxd7+ Kxd7 16. Qf7+ Kd8 17. Qxg7 h5 18. Rf1 Bd7 19. Rf8+ Be8 20. Bf7 Nb4 21. Rxe8+ Kd7 22. Bxh5+ Kc6 23. Rxa8 Nxc2 24. Bd1 Nxe3 25. Ba4+ Kc5 26. Qxc7+ Kd4 27. Qxd6+ Nd5 28. Qxd5+ Ke3 29. Nd1+ Kf4 30. Rf8+ Kg3 31. Qxe5+ Kh4 32. Rf4+ Kg3 33. Qg5# 1-0

[Event "Junior Online 4NCL Division 3"]
[Site "online"]
[Date "2022.01.20"]
[EventDate "2022.01.20"]
[Round "1.101"]
[White "Perl, Joseph"]
[WhiteElo "1140"]
[WhiteTeam "Barnet Knights C"]
[Black "Sohi, Aarav"]
[BlackElo "1289"]
[BlackTeam "Staffordshire Oatcakes"]
[Result "1-0"]
[PlyCount "125"]

1. Nf3 c6 2. g3 d5 3. Bg2 Nf6 4. O-O g6 5. d3 Bg7 6. Nbd2 O-O 7. e4 Re8 8. e5 Ng4 9. Bh3 Nxe5 10. Bxc8 Nxf3+ 11. Qxf3 Qxc8 12. c4 d4 13. Re1 e5 14. Ne4 Qe6 15. c5 f5 16. Nd6 Re7 17. Bg5 Rd7 18. Qd1 Bf8 19. f4 Qd5 20. fxe5 Qxc5 21. Qb3+ Qd5 22. Qxd5+ cxd5 23. Nb5 Bb4 24. Rec1 Nc6 25. e6 Rg7 26. a3 Be7 27. Bh6 Na5 28. Bxg7 Nb3 29. Nc7 Rc8 30. Be5 Nxa1 31. Rxa1 a5 32. Nxd5 Rc5 33. Nxe7+ Kf8 34. Bd6 Rb5 35. a4 Rb6 36. Bc5 Rxe6 37. Nxf5+ Kf7 38. Nh6+ Kg7 39. Ng4 b6 40. Bxd4+ Kf8 41. Rf1+ Ke8 42. Rf6 Re1+ 43. Kf2 Re7 44. Bxb6 Rf7 45. Bxa5 h5 46. Bc3 hxg4 47. Rxf7 Kxf7 48. a5 Ke7 49. a6 Kd8 50. a7 Kc8 51. a8=Q+ Kc7 52. Be5+ Kb6 53. Qd8+ Kb7 54. Qc7+ Ka6 55. b4 Kb5 56. Qc5+ Ka6 57. b5+ Kb7 58. Qc6+ Ka7 59. b6+ Ka6 60. b7+ Ka5 61. b8=Q g5 62. Qba8+ Kb4 63. Qc4# 1-0

[Event "Junior Online 4NCL Division 3"]
[Site "online"]
[Date "2022.01.20"]
[EventDate "2022.01.20"]
[Round "1.103"]
[White "Gardner, Zac"]
[WhiteElo "1093"]
[WhiteTeam "Barnet Knights C"]
[Black "Sohi, Sehej"]
[BlackElo "1027"]
[BlackTeam "Staffordshire Oatcakes"]
[Result "1-0"]
[PlyCount "49"]

1. e4 e5 2. Nf3 Nc6 3. Bc4 Bc5 4. Nc3 Nf6 5. d3 h6 6. a3 O-O 7. O-O d6 8. b4 Bd4 9. Bb2 Nh5 10. Nxd4 Nxd4 11. Qxh5 Nxc2 12. Rac1 Nd4 13. Nd5 Ne2+ 14. Kh1 Nxc1 15. Bxc1 c6 16. Nc3 Qf6 17. Be3 d5 18. exd5 cxd5 19. Nxd5 Qc6 20. Ne7+ Kh8 21. Nxc6 bxc6 22. Qxe5 Bd7 23. Bxh6 f6 24. Qh5 gxh6 25. Qxh6# 1-0

[Event "Junior Online 4NCL Division 3"]
[Site "online"]
[Date "2022.01.20"]
[EventDate "2022.01.20"]
[Round "1.105"]
[White "Sohi, Aarav"]
[WhiteElo "1289"]
[WhiteTeam "Staffordshire Oatcakes"]
[Black "Perl, Joseph"]
[BlackElo "1140"]
[BlackTeam "Barnet Knights C"]
[Result "1-0"]
[PlyCount "127"]

1. d4 e6 2. c4 d5 3. Nc3 c5 4. Nf3 Nc6 5. Bf4 Qb6 6. Nb5 Kd8 7. Bc7+ Ke7 8. Bxb6 axb6 9. dxc5 bxc5 10. cxd5 exd5 11. Qxd5 Nb4 12. Qe4+ Kd8 13. Qh4+ f6 14. Ne5 Nc2+ 15. Kd1 Nxa1 16. Nf7+ Ke8 17. Nxh8 Bf5 18. Nc7+ Kd8 19. Nxa8 Bc2+ 20. Kc1 g5 21. Nf7+ Ke8 22. Qxh7 Bxh7 23. Nd6+ Bxd6 24. Nb6 Bf4+ 25. e3 Bc7 26. Bb5+ Kd8 27. Rd1+ Ke7 28. Nd5+ Kd8 29. Nxc7+ Kxc7 30. Rd7+ Kb6 31. a4 Nb3+ 32. Kd1 Bf5 33. Rd6+ Ka5 34. Rd8 Bg4+ 35. f3 Be6 36. Re8 Bd5 37. e4 Bf7 38. Rf8 Nd4 39. Rxf7 Nxb5 40. axb5 Kxb5 41. Rxb7+ Kc6 42. Rg7 Nh6 43. Rh7 Ng8 44. Rh8 Ne7 45. h4 c4 46. hxg5 fxg5 47. Rh6+ Kb5 48. Rh7 Nc6 49. Rh5 Kb4 50. Kc2 Nd4+ 51. Kb1 Kb3 52. Rh8 Nc2 53. Rb8+ Ka4 54. Kxc2 c3 55. Kxc3 g4 56. fxg4 Ka5 57. Kc4 Ka6 58. e5 Ka7 59. Rb5 Ka8 60. e6 Ka7 61. e7 Ka8 62. e8=Q+ Ka7 63. Qd7+ Ka6 64. Qb7# 1-0

[Event "Junior Online 4NCL Division 3"]
[Site "online"]
[Date "2022.01.20"]
[EventDate "2022.01.20"]
[Round "1.107"]
[White "Sohi, Sehej"]
[WhiteElo "1027"]
[WhiteTeam "Staffordshire Oatcakes"]
[Black "Gardner, Zac"]
[BlackElo "1093"]
[BlackTeam "Barnet Knights C"]
[Result "0-1"]
[PlyCount "106"]

1. e4 e5 2. Nf3 Nc6 3. Bc4 Bc5 4. O-O Nf6 5. Nc3 O-O 6. d3 h6 7. Nh4 Nxe4 8. Nxe4 Qxh4 9. Nxc5 d6 10. Nd7 Bxd7 11. h3 Nd4 12. c3 Nc6 13. Re1 Bxh3 14. gxh3 Qxh3 15. Re3 Qh4 16. Re4 Qf6 17. Qg4 Ne7 18. d4 exd4 19. Rf4 Qe5 20. Re4 Qf5 21. Qh4 Qg6+ 22. Kf1 Nf5 23. Qf4 Rae8 24. Bxf7+ Qxf7 25. Rxe8 Qxe8 26. cxd4 Ne3+ 27. Qxe3 Qf7 28. Kg1 c5 29. dxc5 dxc5 30. Qxc5 Qg6+ 31. Kf1 Qd3+ 32. Kg1 Qd1+ 33. Kg2 Qg4+ 34. Kf1 Qh3+ 35. Ke2 Re8+ 36. Kd2 Qd7+ 37. Kc3 Rc8 38. Kb4 Qg4+ 39. Kb5 Qe2+ 40. Kb4 Rxc5 41. Kxc5 Qxf2+ 42. Kc4 h5 43. Bd2 Qxd2 44. Kc5 h4 45. Kc4 h3 46. b3 h2 47. a4 Qf4+ 48. Kc5 Qe5+ 49. Kc4 Qxa1 50. Kd3 h1=R 51. Kc4 Qc1+ 52. Kb5 Rh5+ 53. Kb4 Qc5# 0-1

[Event "Junior Online 4NCL Division 3"]
[Site "online"]
[Date "2022.01.20"]
[EventDate "2022.01.20"]
[Round "1.112"]
[White "Jinturkar, Paras"]
[WhiteElo "1000"]
[WhiteTeam "KEGS C"]
[Black "Shi, Shaoting"]
[BlackElo "1313"]
[BlackTeam "London Dragons Beryllium"]
[Result "1-0"]
[PlyCount "25"]

1. e4 e5 2. Nf3 Nc6 3. Bc4 Nf6 4. Ng5 d5 5. exd5 Na5 6. Bb3 Nxb3 7. axb3 Qxd5 8. O-O e4 9. d3 exd3 10. Re1+ Be7 11. Nc3 dxc2 12. Qe2 Bg4 13. Qxe7# 1-0

[Event "Junior Online 4NCL Division 3"]
[Site "online"]
[Date "2022.01.20"]
[EventDate "2022.01.20"]
[Round "1.113"]
[White "Li, Harvey"]
[WhiteElo "1280"]
[WhiteTeam "London Dragons Beryllium"]
[Black "Fernandes, Cleon"]
[BlackElo "1000"]
[BlackTeam "KEGS C"]
[Result "1-0"]
[PlyCount "59"]

1. d4 e6 2. c4 Nf6 3. Nc3 Bd6 4. Nf3 Bb4 5. Bd2 Bxc3 6. Bxc3 d5 7. e3 dxc4 8. Bxc4 O-O 9. O-O h6 10. Re1 Ne4 11. Bb4 Nd6 12. Bd3 Nf5 13. Bxf8 Qxf8 14. Rc1 Nc6 15. Bxf5 exf5 16. d5 Nb4 17. a3 Na2 18. Ra1 Bd7 19. Rxa2 Re8 20. b4 b5 21. Rc2 Rc8 22. Ne5 Be8 23. d6 Ra8 24. d7 Bxd7 25. Nxd7 Qe8 26. Rxc7 Qe5 27. Nxe5 Re8 28. Qd7 Rxe5 29. Qxf7+ Kh7 30. Qxg7# 1-0